000 00348pam a2200157a 44500
008 230515b1965 xxu||||| |||| 00| 0 eng d
020 _aNULL
041 _aENGLISH
082 _a630
100 _a2996-1964
245 _aMOUNTING DIMENSIONS FOR GRINDING WHEELS
250 _a0
260 _aDELHI
_bISI
_c1965
300 _a23
650 _aNULL
999 _c651906
_d651906